Dielo v nás

Bibliographic Details
Main Author: Ščepka, Miloš, 1963- (Author)
Format: Article
Language:Slovak
PhysicalDescription:Obr. 1.
Subjects:

MARC

LEADER 00000nab a2200000 a 4500
001 vtls000399573
003 SK-MaSNL
005 20260303213607.0
008 111202c1990 xo 0 slo
015 |a SNBRB19rr/mm-uuuuu 
035 |a CL0399697 
040 |a SNKBUCL  |b slo  |c SNKBUCL  |e AACR2 
041 0 |a slo 
044 |a xo  |c SK 
080 |a 791.43(73)  |2 1981 
100 1 |a Ščepka, Miloš,  |d 1963-  |4 aut  |9 237244 
245 1 0 |a Dielo v nás  |c Miloš Ščepka 
300 |b Obr. 1. 
500 |a (Scenár Anne Spielbergová a Garry Ross. Réžia Penny Marshall.) 
650 0 7 |a Veľký (film)  |2 snkbucl  |9 962480 
655 7 |a články z novín a časopisov  |2 snkbucl  |9 267496 
773 0 |t Smena  |g Roč. 43, č. 268 (15. 11. 1990), s. 5 
850 |a Slovenská národná knižnica v Martine  |a MTA001 
852 |a SNK  |b KIS3GCP 
958 |a RK 
992 |a RBX 
999 |c 2212849  |d 2214779